Great expectations / (Record no. 29030)
[ view plain ]
| 000 -LEADER | |
|---|---|
| fixed length control field | 01836nim a22003975i 4500 |
| 003 - CONTROL NUMBER IDENTIFIER | |
| control field | EG-ScBUE |
| 005 - DATE AND TIME OF LATEST TRANSACTION | |
| control field | 20201119141011.0 |
| 007 - PHYSICAL DESCRIPTION FIXED FIELD--GENERAL INFORMATION | |
| fixed length control field | sd fsngnn|||e| |
| 008 - FIXED-LENGTH DATA ELEMENTS--GENERAL INFORMATION | |
| fixed length control field | 201119r20031994enknnnnf f n eng d |
| 020 ## - INTERNATIONAL STANDARD BOOK NUMBER | |
| International Standard Book Number | 9780141804484 |
| 020 ## - INTERNATIONAL STANDARD BOOK NUMBER | |
| International Standard Book Number | 0141804483 |
| 040 ## - CATALOGING SOURCE | |
| Original cataloging agency | EG-ScBUE |
| Language of cataloging | eng |
| Description conventions | rda |
| Transcribing agency | EG-ScBUE |
| Modifying agency | EG-ScBUE |
| 082 04 - DEWEY DECIMAL CLASSIFICATION NUMBER | |
| Classification number | 823.8 |
| Item number | DIC |
| Edition number | 22 |
| 100 1# - MAIN ENTRY--PERSONAL NAME | |
| Personal name | Dickens, Charles, |
| Dates associated with a name | 1812-1870, |
| Relator term | author. |
| 245 10 - TITLE STATEMENT | |
| Title | Great expectations / |
| Statement of responsibility, etc | Charles Dickens ; read by Hugh Laurie. |
| 264 #1 - PRODUCTION, PUBLICATION, DISTRIBUTION, MANUFACTURE STATEMENTS | |
| Place of production, publication, distribution, manufacture | London : |
| Name of producer, publisher, distributor, manufacturer | Penguin Audiobooks, |
| Date of production, publication, distribution, manufacture | 2003. |
| 264 #4 - PRODUCTION, PUBLICATION, DISTRIBUTION, MANUFACTURE STATEMENTS | |
| Date of production, publication, distribution, manufacture | c1994 |
| 300 ## - PHYSICAL DESCRIPTION | |
| Extent | 3 audio discs (approximately 3 hour) : |
| Other physical details | digital ; |
| Dimensions | 4 3/4 in. |
| 306 ## - PLAYING TIME | |
| Playing time | 030000 |
| 336 ## - CONTENT TYPE | |
| Content Type Term | spoken word |
| Content Type Code | spw |
| Source | rdacontent |
| 337 ## - MEDIA TYPE | |
| Media Type Term | audio |
| Media Type Code | s |
| Source | rdamedia |
| 338 ## - CARRIER TYPE | |
| Carrier Type Term | audio disc |
| Carrier Type Code | sd |
| Source | rdacarrier |
| 344 ## - Sound Characteristics | |
| Type of recording | digital |
| source | rdatr |
| 344 ## - Sound Characteristics | |
| Type of recording | optical |
| source | rdarm |
| 347 ## - Digital File Characteristics | |
| File type | audio file |
| source | rdaft |
| 347 ## - Digital File Characteristics | |
| Encoding format | CD audio |
| 380 ## - Form of Work | |
| Form of Work | Novel |
| 490 0# - SERIES STATEMENT | |
| Series statement | Penguin classic Audiobooks |
| 511 ## - PARTICIPANT OR PERFORMER NOTE | |
| Participant or performer note | read by Hugh Laurie |
| 520 ## - SUMMARY, ETC. | |
| Summary, etc | A terrifying encounter with an escaped convict in a graveyard on the wild Kent marshes; a summons to meet the bitter, decaying Miss Havisham and her beautiful, cold-hearted ward Estella; and, the sudden generosity of a mysterious benefactor - these form a series of events that change the orphaned Pip's life forever, and he eagerly abandons his humble origins to begin a new life as a gentleman. Dickens' haunting late novel depicts Pip's education and development through adversity as he discovers the true nature of his 'great expectations'. |
| 650 #7 - SUBJECT ADDED ENTRY--TOPICAL TERM | |
| Topical term or geographic name as entry element | Triangles (Interpersonal relations) |
| Geographic subdivision | England |
| Form subdivision | Fiction. |
| Source of heading or term | BUEsh |
| 650 #7 - SUBJECT ADDED ENTRY--TOPICAL TERM | |
| Topical term or geographic name as entry element | Man-woman relationships |
| Geographic subdivision | England |
| Form subdivision | Fiction. |
| Source of heading or term | BUEsh |
| 651 #7 - SUBJECT ADDED ENTRY--GEOGRAPHIC NAME | |
| Geographic name | England |
| General subdivision | Social life and customs|y |
| Chronological subdivision | 19th century |
| Form subdivision | Fiction. |
| Source of heading or term | BUEsh |
| 700 1# - ADDED ENTRY--PERSONAL NAME | |
| Personal name | Laurie, Hugh, |
| Relator term | narrator. |
| 942 ## - ADDED ENTRY ELEMENTS (KOHA) | |
| Source of classification or shelving scheme | Dewey Decimal Classification |
| Item type | CD | DVD - (NB) |
| Withdrawn status | Lost status | Source of classification or shelving scheme | Damaged status | Not for loan | Koha collection | Home library | Current library | Shelving location | Date acquired | Source of acquisition | Total Checkouts | Full call number | Barcode | Date last seen | Koha item type | Public note |
|---|---|---|---|---|---|---|---|---|---|---|---|---|---|---|---|---|
| Dewey Decimal Classification | Baccah | Central Library | Central Library | Second Floor | 19/11/2020 | Purchase | 823.8 DIC | 000050079 | 24/08/2022 | CD | DVD - (NB) | 3 Audio CDs |